000 00767nam a22002055i 4500
001 152579
003 ES-MaACL
005 20230906204813.0
008 051018s1886 sw a | |||||||| ||eng d
040 _aCAM
_bspa
_cCAM
100 1 _aBovallius, Carl.
_931109
245 1 0 _aNicaraguan antiquities /
_cby Carl Bovallius.
260 _aStockholm :
_bKongl. Boktryckeriet,
_c1886.
300 _a50, [1] p., 41 h. de lám., 2 h. de mapas ;
_c31 cm.
594 _aPrecede al tit.: Swedish Society of Anthropology and Geography.
599 _aLas h. de mapas, mapa de Nicaragua y Costa Rica, y mapa de la Isla de Zapatera.
651 4 _aNicaragua-
_xRestos arqueológicos.
_9137284
752 _aSuecia -
_dEstocolomo
852 _aES-MaACL
_jB-12032
_z-- Enc. cartón
999 _c152579
_d152579